| 000 | 00570nam a22001937a 4500 | ||
|---|---|---|---|
| 999 |
_c6094 _d6094 |
||
| 003 | AR-CdUCM | ||
| 008 | 190313b ||||| |||| 00| 0 spa d | ||
| 040 |
_aMUNICIPALIDAD PROVINCIAL DEL CUSCO _cBIBLIOTECA MUNICIPAL DEL CUSCO |
||
| 082 |
_a869.33 / _bL26 |
||
| 100 |
_aLara, Omar _917715 |
||
| 245 | _aOh buenas maneras / | ||
| 260 |
_aLa Habana : _bCasa de las Américas, _c1975. |
||
| 300 |
_a76 páginas ; _c19 cm. |
||
| 440 |
_apremio casa de las Américas de 1975 _917716 |
||
| 505 | _aPoesía. | ||
| 650 |
_aPoesía. _9139 |
||
| 942 |
_2ddc _cLIBROS |
||
| 945 | _awfj | ||